Statistics for Guess the Taylor Swift song with no hint 56

Click here to take the quiz!

General Stats

  • This quiz has been taken 591 times
  • The average score is 324 of 409

Answer Stats

Answer% Correct
I
100%
You
98%
you
98%
The
97%
the
97%
an
96%
me
96%
we
96%
We
96%
in
95%
And
94%
and
94%
It
94%
it
94%
on
94%
to
94%
To
94%
when
94%
your
94%
my
93%
who
92%
be
91%
go
91%
I'm
91%
were
91%
is
90%
So
89%
so
89%
this
89%
it's
88%
It's
88%
that
88%
for
87%
If
87%
if
87%
at
86%
of
86%
was
86%
all
85%
as
85%
could
85%
don't
85%
have
85%
hear
85%
know
85%
can
84%
like
84%
but
83%
But
83%
I'll
83%
not
83%
too
83%
ever
82%
now
82%
Now
82%
there
82%
just
81%
by
80%
Time
80%
with
80%
would
80%
I've
78%
out
78%
down
77%
how
76%
Even
75%
even
75%
stay
75%
back
74%
call
74%
house
73%
up
73%
wanted
73%
always
72%
good
72%
L.A.
72%
real
72%
babe
71%
damn
70%
season
70%
tell
70%
'Tis
70%
ask
69%
looks
69%
same
69%
about
68%
gone
68%
parents'
68%
stayin'
68%
weekend
68%
yours
68%
leave
67%
make
67%
only
66%
right
66%
though
66%
write
66%
friends
65%
road
65%
called
64%
heart
64%
hometown
64%
known
64%
taken
64%
won't
64%
leads
63%
asked
62%
day
62%
own
62%
While
62%
bed
61%
hanging
61%
ours
61%
around
60%
flies
60%
smile
60%
books
59%
kind
59%
There's
59%
car
58%
missing
58%
okay
58%
old
58%
times'
58%
breakin'
57%
leavin'
57%
used
57%
warmest
57%
which
57%
fakin'
55%
felt
55%
ache
54%
bad
54%
run
54%
Sleep
54%
smiles
54%
far
53%
put
53%
remember
53%
ride
53%
school
53%
tires
53%
truck
53%
mud
52%
sake
52%
wait
52%
wonder
52%
between
51%
cold
51%
half
51%
messy
51%
parked
51%
soul
51%
tires
51%
watched
51%
Who'll
51%
Methodist
50%
passed
49%
perfume
48%
escaped
46%
holidays
46%
linger
46%
glass
45%
windshield
45%
fogs
43%

Score Distribution

Percentile by Number Answered

Percent of People with Each Score

Your Score History

You have not taken this quiz